[Event "NB1 Charousek csoport"]
[Site "Paks"]
[Date "2024.12.15"]
[Round "4.12"]
[White "Buri, Kata"]
[Black "Pater, Peter"]
[Result "1/2-1/2"]
[WhiteElo "1837"]
[BlackElo "1983"]
[PlyCount "72"]
[GameId "2125560841744993"]
[EventDate "2024.11.03"]
[EventType "team-tourn"]
[EventRounds "11"]
[EventCountry "HUN"]
[Source "chess.hu"]
[WhiteTeam "ASE II. Paks"]
[BlackTeam "Komloi BSK"]
[WhiteTeamCountry "HUN"]
[BlackTeamCountry "HUN"]

1. e4 d6 2. d4 g6 3. Nf3 Bg7 4. Be2 Nd7 5. O-O e6 6. c4 Ne7 7. Nc3 b6 8. Be3 Bb7 9. Qc2 a6 10. Rad1 h6 11. Ne1 c5 12. d5 e5 13. f4 O-O 14. f5 Kh7 15. h4 Ng8 16. Nf3 Bf6 17. g3 g5 18. hxg5 Bxg5 19. Bxg5 hxg5 20. Kg2 Nh6 21. Rh1 Kg7 22. f6+ Nxf6 23. Qc1 Nh7 24. Rh5 Ng8 25. Nxg5 Nxg5 26. Rxg5+ Kf6 27. Rh5 Ke7 28. Bg4 Bc8 29. Qg5+ Ke8 30. Qxd8+ Kxd8 31. Bxc8 Rxc8 32. Rf1 Ke7 33. Nd1 Nf6 34. Rh4 Rh8 35. Rxh8 Rxh8 36. Nf2 b5 1/2-1/2

[Event "NB1 Charousek csoport"]
[Site "Gyor"]
[Date "2024.12.15"]
[Round "4.1"]
[White "Stevic, Hrvoje"]
[Black "Vertetics, Attila"]
[Result "1/2-1/2"]
[WhiteElo "2552"]
[BlackElo "2427"]
[PlyCount "33"]
[GameId "2123718211090580"]
[EventDate "2024.11.03"]
[EventType "team-tourn"]
[EventRounds "11"]
[EventCountry "HUN"]
[Source "chess.hu"]
[WhiteTeam "Dunaharaszti MTK"]
[BlackTeam "Gyori Elektromos"]
[WhiteTeamCountry "HUN"]
[BlackTeamCountry "HUN"]

1. e4 c6 2. d4 d5 3. e5 Bf5 4. Bd3 Bxd3 5. Qxd3 e6 6. Ne2 c5 7. c3 Nc6 8. O-O Rc8 9. Nd2 cxd4 10. cxd4 Nge7 11. Nf3 Nf5 12. a3 Be7 13. g4 Nh4 14. Nxh4 Bxh4 15. f4 Be7 16. f5 Qb6 17. fxe6 1/2-1/2

[Event "NB1 Charousek csoport"]
[Site "Gyor"]
[Date "2024.12.15"]
[Round "4.2"]
[White "Ezsol, Miklos"]
[Black "Jovanovic, Zoran"]
[Result "0-1"]
[WhiteElo "2314"]
[BlackElo "2527"]
[PlyCount "120"]
[GameId "2123718356216001"]
[EventDate "2024.11.03"]
[EventType "team-tourn"]
[EventRounds "11"]
[EventCountry "HUN"]
[Source "chess.hu"]
[WhiteTeam "Gyori Elektromos"]
[BlackTeam "Dunaharaszti MTK"]
[WhiteTeamCountry "HUN"]
[BlackTeamCountry "HUN"]

1. d4 Nf6 2. Nf3 d6 3. c4 g6 4. Nc3 Bg7 5. e4 O-O 6. Be2 Na6 7. O-O e5 8. d5 Nc5 9. Qc2 a5 10. Ne1 b6 11. Bg5 h6 12. Bh4 Qe8 13. h3 Bd7 14. Kh2 h5 15. f3 Nh7 16. Nd3 Bh6 17. g4 Nxd3 18. Bxd3 Bf4+ 19. Bg3 Bxg3+ 20. Kxg3 Qe7 21. Qd2 Kg7 22. Rf2 Rh8 23. Rh1 Nf6 24. Rfh2 Rag8 25. Nd1 Be8 26. Nf2 Nd7 27. b3 Nc5 28. Bc2 Rh7 29. Nd3 Nd7 30. h4 Rf8 31. Nf2 Nf6 32. Qg5 Rfh8 33. Kg2 Bd7 34. Kg3 Qd8 35. a4 Bc8 36. Qe3 Nd7 37. Qg5 Qf8 38. Kg2 Nc5 39. Kg3 Bd7 40. Nd3 Qc8 41. Nxc5 bxc5 42. Bd1 Rf8 43. Qd2 hxg4 44. fxg4 f5 45. exf5 gxf5 46. g5 f4+ 47. Kf2 e4 48. Qc3+ Kg8 49. h5 Bf5 50. Ke1 Qe8 51. Rh4 Qe5 52. Qxe5 dxe5 53. Bg4 Kg7 54. Bd1 Rhh8 55. Rg1 e3 56. Ke2 Rhg8 57. Rh2 Bb1 58. Ke1 Bd3 59. Bf3 e4 60. h6+ Kh7 0-1

[Event "NB1 Charousek csoport"]
[Site "Gyor"]
[Date "2024.12.15"]
[Round "4.3"]
[White "Nguyen, Huynh Minh Huy"]
[Black "Farkas, Lajos Dr."]
[Result "1-0"]
[WhiteElo "2419"]
[BlackElo "2172"]
[PlyCount "119"]
[GameId "2123718420465906"]
[EventDate "2024.11.03"]
[EventType "team-tourn"]
[EventRounds "11"]
[EventCountry "HUN"]
[Source "chess.hu"]
[WhiteTeam "Dunaharaszti MTK"]
[BlackTeam "Gyori Elektromos"]
[WhiteTeamCountry "HUN"]
[BlackTeamCountry "HUN"]

1. d4 b5 2. e4 Bb7 3. Bd3 g6 4. Nf3 Bg7 5. Qe2 a6 6. a4 b4 7. Nbd2 d6 8. a5 Nd7 9. Nc4 Ngf6 10. e5 dxe5 11. dxe5 Nd5 12. e6 fxe6 13. Ng5 Nc5 14. Nxe6 Nxe6 15. Qxe6 Qd7 16. Qxd7+ Kxd7 17. Be4 Rad8 18. Bg5 Bf6 19. h4 Kc8 20. O-O-O h6 21. Bd2 g5 22. hxg5 hxg5 23. Rxh8 Rxh8 24. Be1 Nf4 25. Bxb7+ Kxb7 26. Ne3 c5 27. c3 Rh1 28. Kc2 bxc3 29. bxc3 Kc6 30. g3 Ng6 31. Rb1 Kd7 32. Kd3 Ne5+ 33. Ke2 Nc6 34. Rd1+ Ke6 35. Nc4 g4 36. Ra1 Ne5 37. Nxe5 Bxe5 38. Rb1 Bc7 39. Rb7 Bxa5 40. Ra7 Kf5 41. Rxa6 Bc7 42. Bd2 Rh2 43. Ke3 c4 44. Rc6 Bb8 45. Be1 Ba7+ 46. Ke2 Bb8 47. Kd1 Ba7 48. Rxc4 e5 49. Ke2 e4 50. Ra4 Bb6 51. Rb4 Bc7 52. Rb5+ Kf6 53. Ke3 Rh8 54. c4 Rf8 55. Ba5 Bxa5 56. Rxa5 Rc8 57. Kd4 Rc6 58. Rh5 Re6 59. c5 e3 60. fxe3 1-0

[Event "NB1 Charousek csoport"]
[Site "Gyor"]
[Date "2024.12.15"]
[Round "4.4"]
[White "Schmikli, Laszlo"]
[Black "Popovics, Adam"]
[Result "1-0"]
[WhiteElo "2172"]
[BlackElo "2362"]
[PlyCount "65"]
[GameId "2123718460463392"]
[EventDate "2024.11.03"]
[EventType "team-tourn"]
[EventRounds "11"]
[EventCountry "HUN"]
[Source "chess.hu"]
[WhiteTeam "Gyori Elektromos"]
[BlackTeam "Dunaharaszti MTK"]
[WhiteTeamCountry "HUN"]
[BlackTeamCountry "HUN"]

1. e4 c5 2. b4 cxb4 3. d4 d5 4. e5 Nc6 5. a3 Bf5 6. axb4 Nxb4 7. Bb5+ Nc6 8. Ne2 e6 9. Ng3 Bg6 10. h4 Qb6 11. Ba4 h5 12. O-O Be7 13. Na3 Kf8 14. Be3 Bxh4 15. c4 Nge7 16. Ne2 Nf5 17. cxd5 exd5 18. Nf4 Nce7 19. Qf3 Kg8 20. Nxd5 Nxd5 21. Qxd5 Rd8 22. Qa2 Nxe3 23. fxe3 Rxd4 24. exd4 Qxd4+ 25. Kh1 Qxa4 26. e6 Bf6 27. Nc4 Qc6 28. Rae1 Qc5 29. Rxf6 gxf6 30. e7 Kg7 31. e8=Q Rxe8 32. Rxe8 h4 33. Qa3 1-0

[Event "NB1 Charousek csoport"]
[Site "Gyor"]
[Date "2024.12.15"]
[Round "4.5"]
[White "Lorand, Norbert"]
[Black "Borzsei, Andras"]
[Result "1/2-1/2"]
[WhiteElo "2235"]
[BlackElo "2084"]
[PlyCount "38"]
[GameId "2123718502152526"]
[EventDate "2024.11.03"]
[EventType "team-tourn"]
[EventRounds "11"]
[EventCountry "HUN"]
[Source "chess.hu"]
[WhiteTeam "Dunaharaszti MTK"]
[BlackTeam "Gyori Elektromos"]
[WhiteTeamCountry "HUN"]
[BlackTeamCountry "HUN"]

1. e4 c5 2. Nf3 e6 3. d4 cxd4 4. Nxd4 Nc6 5. Nc3 Qc7 6. g3 a6 7. Bg2 Nf6 8. O-O Bc5 9. Nb3 Ba7 10. Qe2 Ne5 11. Kh1 d6 12. Be3 Bxe3 13. Qxe3 h5 14. h3 Nc4 15. Qc1 e5 16. Nd2 Be6 17. Nxc4 Qxc4 18. Qd2 Rd8 19. Rad1 Qc8 1/2-1/2

[Event "NB1 Charousek csoport"]
[Site "Gyor"]
[Date "2024.12.15"]
[Round "4.6"]
[White "Zoldi, Zoltan"]
[Black "Szekeres, Tibor"]
[Result "1/2-1/2"]
[WhiteElo "2105"]
[BlackElo "2029"]
[PlyCount "38"]
[GameId "2123718538434940"]
[EventDate "2024.11.03"]
[EventType "team-tourn"]
[EventRounds "11"]
[EventCountry "HUN"]
[Source "chess.hu"]
[WhiteTeam "Gyori Elektromos"]
[BlackTeam "Dunaharaszti MTK"]
[WhiteTeamCountry "HUN"]
[BlackTeamCountry "HUN"]

1. Nf3 Nf6 2. c4 e6 3. d4 Bb4+ 4. Bd2 Bxd2+ 5. Nbxd2 d5 6. e3 b6 7. cxd5 exd5 8. Ne5 O-O 9. Bd3 Bb7 10. Qc2 Qd6 11. O-O c5 12. Bf5 Bc8 13. Ndf3 g6 14. Bxc8 Rxc8 15. dxc5 bxc5 16. Rad1 Nc6 17. Nxc6 Qxc6 18. Rfe1 Rab8 19. b3 a5 1/2-1/2

[Event "NB1 Charousek csoport"]
[Site "Gyor"]
[Date "2024.12.15"]
[Round "4.7"]
[White "Markos, Adam"]
[Black "Jozsa, Csaba"]
[Result "1-0"]
[WhiteElo "2109"]
[BlackElo "2119"]
[PlyCount "71"]
[GameId "2123718589221290"]
[EventDate "2024.11.03"]
[EventType "team-tourn"]
[EventRounds "11"]
[EventCountry "HUN"]
[Source "chess.hu"]
[WhiteTeam "Dunaharaszti MTK"]
[BlackTeam "Gyori Elektromos"]
[WhiteTeamCountry "HUN"]
[BlackTeamCountry "HUN"]

1. e4 c5 2. Nf3 d6 3. d4 cxd4 4. Nxd4 Nf6 5. Nc3 a6 6. f3 e5 7. Nb3 Be6 8. Be3 Nbd7 9. Nd5 Nxd5 10. exd5 Bf5 11. Bd3 Bxd3 12. Qxd3 Rc8 13. c4 Be7 14. O-O O-O 15. Rac1 b6 16. Qd2 f5 17. f4 exf4 18. Bxf4 g5 19. Bg3 f4 20. Bf2 Ne5 21. Qe2 f3 22. gxf3 Nxf3+ 23. Kh1 Qd7 24. Bxb6 Ne5 25. c5 Rf4 26. Rxf4 gxf4 27. c6 Qf5 28. Rg1+ Kh8 29. Nd4 Qf7 30. Qe4 Bf6 31. Ne6 f3 32. c7 Rg8 33. Rg3 Rxg3 34. hxg3 Qe8 35. Qf5 Be7 36. Bd4 1-0

[Event "NB1 Charousek csoport"]
[Site "Gyor"]
[Date "2024.12.15"]
[Round "4.8"]
[White "Papai, Mate"]
[Black "Kovacs, Istvan"]
[Result "0-1"]
[WhiteElo "1974"]
[BlackElo "2046"]
[PlyCount "105"]
[GameId "2123718636779992"]
[EventDate "2024.11.03"]
[EventType "team-tourn"]
[EventRounds "11"]
[EventCountry "HUN"]
[Source "chess.hu"]
[WhiteTeam "Gyori Elektromos"]
[BlackTeam "Dunaharaszti MTK"]
[WhiteTeamCountry "HUN"]
[BlackTeamCountry "HUN"]

1. d4 Nf6 2. c4 e6 3. Nc3 Bb4 4. e3 c5 5. Bd3 Nc6 6. Nf3 d6 7. O-O Bxc3 8. bxc3 e5 9. d5 e4 10. dxc6 exd3 11. Qxd3 O-O 12. Rd1 bxc6 13. e4 Ba6 14. Bg5 Re8 15. Re1 h6 16. Bh4 Re6 17. Nd2 Qe8 18. f4 d5 19. f5 Bxc4 20. Nxc4 dxc4 21. Qg3 Nxe4 22. Qf4 Re5 23. Re3 f6 24. Rae1 Nxc3 25. Rxe5 fxe5 26. Qxc4+ Nd5 27. Qxc5 e4 28. Bf2 Kh7 29. Qd4 Qf7 30. Qxe4 Kg8 31. h3 Rb8 32. Rc1 Re8 33. Qf3 Qb7 34. Bd4 Qb4 35. Qg4 Re1+ 36. Kh2 Qd6+ 37. g3 Nf6 38. Qh4 Re2+ 39. Kg1 Qd5 40. Bf2 Rxf2 41. Qc4 Rxa2 42. Qxd5+ cxd5 43. Rc8+ Kf7 44. Rc7+ Kf8 45. Rc8+ Ke7 46. g4 d4 47. Rc4 d3 48. Rd4 d2 49. g5 hxg5 50. h4 gxh4 51. Kf2 d1=Q+ 52. Ke3 Qg1+ 53. Kf3 0-1

[Event "NB1 Charousek csoport"]
[Site "Gyor"]
[Date "2024.12.15"]
[Round "4.9"]
[White "Fodre, Sandor"]
[Black "Csuri, Szilveszter"]
[Result "1/2-1/2"]
[WhiteElo "1986"]
[BlackElo "1947"]
[PlyCount "50"]
[GameId "2123718686792198"]
[EventDate "2024.11.03"]
[EventType "team-tourn"]
[EventRounds "11"]
[EventCountry "HUN"]
[Source "chess.hu"]
[WhiteTeam "Dunaharaszti MTK"]
[BlackTeam "Gyori Elektromos"]
[WhiteTeamCountry "HUN"]
[BlackTeamCountry "HUN"]

1. e4 c5 2. c3 Nf6 3. e5 Nd5 4. Bc4 Nb6 5. Bb3 d6 6. Nf3 Nc6 7. Qe2 Nxe5 8. Nxe5 dxe5 9. Qxe5 Qd6 10. Qe3 g6 11. O-O Bg7 12. Re1 e6 13. Na3 Bd7 14. Nc4 Nxc4 15. Bxc4 O-O 16. a4 Rfd8 17. d3 b6 18. Qe4 Bc6 19. Qh4 a6 20. Bg5 Re8 21. Qf4 Qd7 22. Re3 Qb7 23. f3 Rac8 24. Bf6 Bxf6 25. Qxf6 Bd5 1/2-1/2

[Event "NB1 Charousek csoport"]
[Site "Gyor"]
[Date "2024.12.15"]
[Round "4.10"]
[White "Steiner, Botond"]
[Black "Majoros, Rozsa Evelin"]
[Result "1-0"]
[WhiteElo "1980"]
[BlackElo "1998"]
[PlyCount "85"]
[GameId "2123718721710644"]
[EventDate "2024.11.03"]
[EventType "team-tourn"]
[EventRounds "11"]
[EventCountry "HUN"]
[Source "chess.hu"]
[WhiteTeam "Gyori Elektromos"]
[BlackTeam "Dunaharaszti MTK"]
[WhiteTeamCountry "HUN"]
[BlackTeamCountry "HUN"]

1. e4 c5 2. c3 Nf6 3. e5 Nd5 4. d4 cxd4 5. cxd4 e6 6. Nf3 d6 7. Bc4 Nb6 8. Bb3 Bd7 9. O-O Bc6 10. Nc3 N8d7 11. d5 exd5 12. exd6 Bxd6 13. Re1+ Be7 14. Nxd5 Nxd5 15. Bxd5 O-O 16. Bxc6 bxc6 17. Qc2 c5 18. Bf4 Bf6 19. Bd6 Re8 20. Rxe8+ Qxe8 21. Re1 Qd8 22. b3 Rc8 23. Nd2 Qb6 24. Nc4 Qc6 25. Qf5 g6 26. Qf4 Qd5 27. Qg4 Rd8 28. Qxd7 Kg7 29. Qxa7 Re8 30. Rf1 Bd4 31. Qd7 Bxf2+ 32. Kh1 Qe4 33. Be5+ Rxe5 34. Nxe5 Qxe5 35. Qd2 Bd4 36. Qf4 Qd5 37. Qf3 Qe6 38. a4 c4 39. bxc4 Qxc4 40. a5 h5 41. Qf4 Qc5 42. Qxf7+ Kh6 43. Qf8+ 1-0

[Event "NB1 Charousek csoport"]
[Site "Gyor"]
[Date "2024.12.15"]
[Round "4.11"]
[White "Schubert, Gyula"]
[Black "Restar, Laszlo Dr."]
[Result "1/2-1/2"]
[WhiteElo "1977"]
[BlackElo "1865"]
[PlyCount "104"]
[GameId "2123718762769004"]
[EventDate "2024.11.03"]
[EventType "team-tourn"]
[EventRounds "11"]
[EventCountry "HUN"]
[Source "chess.hu"]
[WhiteTeam "Dunaharaszti MTK"]
[BlackTeam "Gyori Elektromos"]
[WhiteTeamCountry "HUN"]
[BlackTeamCountry "HUN"]

1. d4 Nf6 2. Nf3 d5 3. e3 e6 4. Bd3 Be7 5. Nbd2 c5 6. b3 Nc6 7. a3 cxd4 8. exd4 Qc7 9. Bb2 Bd6 10. Qe2 O-O 11. O-O Re8 12. Ne5 Qe7 13. f4 Nd7 14. c4 f6 15. c5 Bxe5 16. fxe5 f5 17. b4 a6 18. Nf3 g5 19. h3 Qg7 20. Nh2 Nf8 21. Qh5 Bd7 22. g4 f4 23. h4 h6 24. hxg5 Qxg5 25. Nf3 Qxh5 26. gxh5 Nh7 27. Kh2 Ne7 28. Rg1+ Kh8 29. Rg4 Rg8 30. Rag1 Rxg4 31. Rxg4 Rg8 32. Rxf4 Rf8 33. Bc1 Rxf4 34. Bxf4 Kg7 35. Kg3 Ng8 36. Kg4 Nf8 37. Nh4 Be8 38. Be3 Ne7 39. Ng2 Bd7 40. Nf4 Be8 41. Ne2 Nc6 42. Bd2 Nd7 43. Bc3 Na7 44. Nf4 Nf8 45. Bb2 Bd7 46. Ng6 Nxg6 47. hxg6 Ba4 48. Kh4 Bd1 49. Bc3 Nb5 50. Bb2 Na7 51. Bc1 Nb5 52. Bb2 Na7 1/2-1/2

[Event "NB1 Charousek csoport"]
[Site "Gyor"]
[Date "2024.12.15"]
[Round "4.12"]
[White "Ferenczy, Nora"]
[Black "Koronczai, Csongor"]
[Result "1/2-1/2"]
[WhiteElo "1751"]
[BlackElo "1776"]
[PlyCount "53"]
[GameId "2123718801025690"]
[EventDate "2024.11.03"]
[EventType "team-tourn"]
[EventRounds "11"]
[EventCountry "HUN"]
[Source "chess.hu"]
[WhiteTeam "Gyori Elektromos"]
[BlackTeam "Dunaharaszti MTK"]
[WhiteTeamCountry "HUN"]
[BlackTeamCountry "HUN"]

1. d4 e6 2. c4 f5 3. g3 Nf6 4. Bg2 d5 5. cxd5 exd5 6. Nh3 c6 7. O-O Bd6 8. Bf4 O-O 9. Nd2 Ne4 10. Nf3 Nd7 11. Bxd6 Nxd6 12. Nf4 Nf6 13. Ne5 Qe8 14. b4 Nf7 15. Nfd3 Ne4 16. f3 Ned6 17. Qc2 f4 18. Nxf7 Qe3+ 19. Kh1 Rxf7 20. Nxf4 Nb5 21. Rfd1 g5 22. Rd3 Nxd4 23. Qb2 Qe7 24. Nxd5 Qxe2 25. Qxd4 cxd5 26. Qxd5 Qe7 27. Qd8+ 1/2-1/2

[Event "NB1 Maroczy csoport"]
[Site "Parasznya"]
[Date "2024.11.03"]
[Round "1.1"]
[White "Dovzik, Juri"]
[Black "Leszko, Bence"]
[Result "1/2-1/2"]
[WhiteElo "2191"]
[BlackElo "2292"]
[PlyCount "32"]
[EventDate "2024.11.03"]
[EventType "team-tourn"]
[EventRounds "11"]
[EventCountry "HUN"]
[Source "chess.hu"]
[SourceDate "2024.11.04"]
[WhiteTeam "NYESE"]
[BlackTeam "Pitypalatty Sakk SE"]
[WhiteTeamCountry "HUN"]
[BlackTeamCountry "HUN"]

1. c4 e6 2. Nc3 d5 3. e3 Nf6 4. Nf3 Be7 5. d4 O-O 6. a3 b6 7. cxd5 Nxd5 8. Bd3
c5 9. Qc2 h6 10. Nxd5 exd5 11. O-O Be6 12. Ne5 Qd6 13. f4 Nc6 14. Bd2 c4 15.
Be2 f6 16. Ng6 Rfe8 1/2-1/2

[Event "NB1 Maroczy csoport"]
[Site "Parasznya"]
[Date "2024.11.03"]
[Round "1.2"]
[White "Manik, Mikulas"]
[Black "Lazin, Robert-Tamas"]
[Result "1-0"]
[WhiteElo "2318"]
[BlackElo "2096"]
[PlyCount "67"]
[EventDate "2024.11.03"]
[EventType "team-tourn"]
[EventRounds "11"]
[EventCountry "HUN"]
[Source "chess.hu"]
[SourceDate "2024.11.04"]
[WhiteTeam "Pitypalatty Sakk SE"]
[BlackTeam "NYESE"]
[WhiteTeamCountry "HUN"]
[BlackTeamCountry "HUN"]

1. e4 c6 2. d4 d5 3. e5 c5 4. dxc5 Nc6 5. Nf3 Bg4 6. Bb5 Qa5+ 7. Nc3 e6 8. Be3
Nge7 9. h3 Bxf3 10. Qxf3 a6 11. Bxc6+ Nxc6 12. O-O-O Bxc5 13. Bxc5 Qxc5 14. Qg3
O-O 15. Kb1 Rac8 16. Ne2 Rfd8 17. Rd2 Na5 18. b3 Qb4 19. c3 Qb6 20. Ka1 Rd7 21.
Rhd1 h6 22. c4 Qc7 23. cxd5 Rxd5 24. Rxd5 exd5 25. Nd4 Nc6 26. Nf5 g6 27. Nxh6+
Kf8 28. Re1 Re8 29. Ng4 Qb6 30. Nf6 Rd8 31. Qf4 d4 32. e6 d3 33. Nd7+ Rxd7 34.
exd7 1-0

[Event "NB1 Maroczy csoport"]
[Site "Parasznya"]
[Date "2024.11.03"]
[Round "1.3"]
[White "Papista, Akos"]
[Black "Papp, Tamas"]
[Result "0-1"]
[WhiteElo "2082"]
[BlackElo "2315"]
[PlyCount "52"]
[EventDate "2024.11.03"]
[EventType "team-tourn"]
[EventRounds "11"]
[EventCountry "HUN"]
[Source "chess.hu"]
[SourceDate "2024.11.04"]
[WhiteTeam "NYESE"]
[BlackTeam "Pitypalatty Sakk SE"]
[WhiteTeamCountry "HUN"]
[BlackTeamCountry "HUN"]

1. e4 c5 2. Nf3 e6 3. d4 cxd4 4. Nxd4 a6 5. Bd3 Nf6 6. O-O d6 7. c4 g6 8. Nc3
Bg7 9. Be3 O-O 10. Rc1 Nbd7 11. f3 Qc7 12. b3 b6 13. Qd2 Bb7 14. Rfd1 Rfd8 15.
Qf2 Rac8 16. Bf1 Qb8 17. a3 Ba8 18. Na2 Qb7 19. Ne2 d5 20. cxd5 exd5 21. e5
Nxe5 22. Bxb6 Nfg4 23. Rxc8 Rxc8 24. fxg4 Nxg4 25. Qc5 Rxc5 26. Bxc5 Qc7 0-1

[Event "NB1 Maroczy csoport"]
[Site "Parasznya"]
[Date "2024.11.03"]
[Round "1.4"]
[White "Daroczi, Donat"]
[Black "Gocza, Adam"]
[Result "1-0"]
[WhiteElo "2123"]
[BlackElo "2037"]
[PlyCount "55"]
[EventDate "2024.11.03"]
[EventType "team-tourn"]
[EventRounds "11"]
[EventCountry "HUN"]
[Source "chess.hu"]
[SourceDate "2024.11.04"]
[WhiteTeam "Pitypalatty Sakk SE"]
[BlackTeam "NYESE"]
[WhiteTeamCountry "HUN"]
[BlackTeamCountry "HUN"]

1. e4 e5 2. Nf3 Nc6 3. Nc3 d6 4. d4 exd4 5. Nxd4 Nf6 6. b3 Be7 7. Bb2 O-O 8.
Be2 Bd7 9. O-O Nxd4 10. Qxd4 c5 11. Qe3 Bc6 12. Rad1 Qa5 13. f4 b5 14. e5 dxe5
15. fxe5 Ne8 16. Bf3 Qb6 17. Bxc6 Qxc6 18. Nd5 Qe6 19. c4 Rb8 20. Ba3 b4 21.
Bb2 Rc8 22. Rd3 h6 23. Qg3 Nc7 24. Nxc7 Rxc7 25. Rd6 Qc8 26. Rxh6 Rc6 27. e6 f6
28. Rg6 1-0

[Event "NB1 Maroczy csoport"]
[Site "Parasznya"]
[Date "2024.11.03"]
[Round "1.5"]
[White "Korpas, Zoltan"]
[Black "Zambor, Norbert"]
[Result "1/2-1/2"]
[WhiteElo "2111"]
[BlackElo "2227"]
[PlyCount "76"]
[EventDate "2024.11.03"]
[EventType "team-tourn"]
[EventRounds "11"]
[EventCountry "HUN"]
[Source "chess.hu"]
[SourceDate "2024.11.04"]
[WhiteTeam "NYESE"]
[BlackTeam "Pitypalatty Sakk SE"]
[WhiteTeamCountry "HUN"]
[BlackTeamCountry "HUN"]

1. Nf3 c5 2. d4 cxd4 3. Nxd4 d5 4. g3 e5 5. Nf3 Nc6 6. Bg2 Be7 7. O-O Be6 8. c3
h6 9. b3 Nf6 10. Bb2 O-O 11. Na3 Rc8 12. Nc2 Qc7 13. Rc1 Rfd8 14. e3 a5 15. h3
b5 16. Qe2 a4 17. Rfd1 axb3 18. axb3 Na5 19. Nd2 Qb6 20. b4 Nc6 21. Na3 Rb8 22.
Bf1 Na7 23. Nf3 Bd6 24. Nd2 Bc7 25. e4 d4 26. cxd4 exd4 27. Qd3 Nc6 28. Nxb5
Nxb4 29. Qa3 Nc6 30. Nxc7 Qxc7 31. Qa4 Qb6 32. Rxc6 Qxb2 33. Rc2 Qb4 34. Qxb4
Rxb4 35. Re1 d3 36. Rc3 Rb2 37. Rd1 Ra8 38. Rxd3 Raa2 1/2-1/2

[Event "NB1 Maroczy csoport"]
[Site "Parasznya"]
[Date "2024.11.03"]
[Round "1.6"]
[White "Kovacs, Apollo"]
[Black "Mizik, Tamas dr"]
[Result "1-0"]
[WhiteElo "2093"]
[BlackElo "1996"]
[PlyCount "97"]
[EventDate "2024.11.03"]
[EventType "team-tourn"]
[EventRounds "11"]
[EventCountry "HUN"]
[Source "chess.hu"]
[SourceDate "2024.11.04"]
[WhiteTeam "Pitypalatty Sakk SE"]
[BlackTeam "NYESE"]
[WhiteTeamCountry "HUN"]
[BlackTeamCountry "HUN"]

1. e4 e5 2. Nf3 Nc6 3. Bc4 Bc5 4. c3 Qe7 5. O-O d6 6. d4 Bb6 7. h3 h6 8. a4 a6
9. Re1 Nf6 10. d5 Nb8 11. Nbd2 O-O 12. Nf1 Nh5 13. Be3 Bxe3 14. Nxe3 g6 15. Kh2
Ng7 16. Nd2 f5 17. exf5 gxf5 18. f4 e4 19. Nb3 Rf6 20. Nd4 Nd7 21. a5 Nf8 22.
Qd2 h5 23. Qf2 Rg6 24. h4 Nh7 25. b4 Nf6 26. Be2 Bd7 27. c4 Ng4+ 28. Bxg4 hxg4
29. g3 Qf6 30. Rad1 Kf7 31. c5 Rh8 32. c6 bxc6 33. dxc6 Bc8 34. Kg2 Be6 35. Qe2
Ra8 36. b5 axb5 37. Qxb5 Rh6 38. a6 Rhh8 39. Qb7 Kg6 40. a7 Rhc8 41. Re2 Ne8
42. Rb2 d5 43. Nxe6 Rxa7 44. Qxa7 Qxb2+ 45. Kg1 Qe2 46. Qd4 Rb8 47. h5+ Kxh5
48. Qh8+ Kg6 49. Qg8+ 1-0

[Event "NB1 Maroczy csoport"]
[Site "Parasznya"]
[Date "2024.11.03"]
[Round "1.7"]
[White "Ujhelyi, Andras"]
[Black "Bognar, Csaba Dr"]
[Result "0-1"]
[WhiteElo "2037"]
[BlackElo "2101"]
[PlyCount "55"]
[EventDate "2024.11.03"]
[EventType "team-tourn"]
[EventRounds "11"]
[EventCountry "HUN"]
[Source "chess.hu"]
[SourceDate "2024.11.04"]
[WhiteTeam "NYESE"]
[BlackTeam "Pitypalatty Sakk SE"]
[WhiteTeamCountry "HUN"]
[BlackTeamCountry "HUN"]

1. Nf3 Nf6 2. c4 g6 3. g3 Bg7 4. Bg2 O-O 5. O-O d6 6. d4 Nbd7 7. Nc3 e5 8. dxe5
dxe5 9. Bg5 h6 10. Bxf6 Bxf6 11. Qc2 Bg7 12. Rad1 f5 13. Nh4 Kh7 14. Bh3 e4 15.
f3 exf3 16. Rxf3 Qe7 17. b3 Ne5 18. Rff1 a6 19. Nf3 Nxc4 20. bxc4 Qe3+ 21. Kh1
Qxc3 22. Qxc3 Bxc3 23. Rd3 Bf6 24. Rb1 Rf7 25. Bg2 Be6 26. Nd2 Rd8 27. Kg1 Bd7
28. Bf1 0-1

[Event "NB1 Maroczy csoport"]
[Site "Parasznya"]
[Date "2024.11.03"]
[Round "1.8"]
[White "Petyko, Zoltan"]
[Black "Zelei, Imre"]
[Result "1-0"]
[WhiteElo "2062"]
[BlackElo "1977"]
[PlyCount "95"]
[EventDate "2024.11.03"]
[EventType "team-tourn"]
[EventRounds "11"]
[EventCountry "HUN"]
[Source "chess.hu"]
[SourceDate "2024.11.04"]
[WhiteTeam "Pitypalatty Sakk SE"]
[BlackTeam "NYESE"]
[WhiteTeamCountry "HUN"]
[BlackTeamCountry "HUN"]

1. e4 e5 2. Nc3 Nf6 3. Bc4 Nxe4 4. Qh5 Nd6 5. Qxe5+ Qe7 6. Qxe7+ Bxe7 7. Bb3
O-O 8. Nf3 c6 9. d4 Nf5 10. d5 Na6 11. a4 Nc5 12. Ba2 Bf6 13. O-O Re8 14. a5 h6
15. Rd1 d6 16. h3 Bd7 17. g4 Nh4 18. Nxh4 Bxh4 19. Be3 Ne4 20. Nxe4 Rxe4 21.
dxc6 Bxc6 22. Rxd6 a6 23. Bd5 Bxd5 24. Rxd5 Rb4 25. b3 Rc8 26. Rc5 Rd8 27. Kf1
Bf6 28. Rb1 Rd7 29. Ke2 Re4 30. Rd1 Rde7 31. Kf3 Bh4 32. c4 R4e6 33. Rdd5 Bf6
34. Rc8+ Kh7 35. Bc5 Re8 36. Rxe8 Rxe8 37. Rd7 Kg6 38. Rxb7 Rd8 39. Be7 Rd3+
40. Ke2 Rxh3 41. Bxf6 Kxf6 42. b4 Rc3 43. Rb6+ Kg5 44. Rxa6 Rxc4 45. Rb6 Kxg4
46. a6 Rc2+ 47. Ke3 Ra2 48. b5 1-0

[Event "NB1 Maroczy csoport"]
[Site "Parasznya"]
[Date "2024.11.03"]
[Round "1.9"]
[White "Tumo, Bence"]
[Black "Eberth, Zoltan Bela"]
[Result "1/2-1/2"]
[WhiteElo "1898"]
[BlackElo "2009"]
[PlyCount "50"]
[EventDate "2024.11.03"]
[EventType "team-tourn"]
[EventRounds "11"]
[EventCountry "HUN"]
[Source "chess.hu"]
[SourceDate "2024.11.04"]
[WhiteTeam "NYESE"]
[BlackTeam "Pitypalatty Sakk SE"]
[WhiteTeamCountry "HUN"]
[BlackTeamCountry "HUN"]

1. d4 f5 2. Nf3 d6 3. c4 Nf6 4. g3 g6 5. Bg2 Bg7 6. O-O O-O 7. Nc3 Qe8 8. e4
fxe4 9. Ng5 Nc6 10. Be3 e5 11. d5 Ne7 12. Ngxe4 Nf5 13. Bd2 Nd4 14. Be3 Ng4 15.
Bxd4 exd4 16. Nb5 Qe7 17. Nxd4 Bf5 18. Nxf5 gxf5 19. Nc3 Rae8 20. Re1 Qxe1+ 21.
Qxe1 Rxe1+ 22. Rxe1 Bd4 23. Re2 f4 24. gxf4 Rxf4 25. Nd1 Ne5 1/2-1/2